Statistics for FIRST 3 letters of countries

Click here to take the quiz!

General Stats

  • This quiz has been taken 29 times
  • The average score is 14 of 15

Answer Stats

HintAnswer% Correct
EgyEgypt
100%
FinFinland
100%
HunHungary
100%
IndIndia
100%
IvoIvory coast
100%
JamJamaica
100%
KosKosovo
100%
LaoLaos
100%
SpaSpain
100%
SudSudan
100%
SwiSwitzerland
100%
VieVietnam
100%
ArmArmenia
96%
BanBangladesh
96%
PakPakisatn
8%

Score Distribution

Percentile by Number Answered

Percent of People with Each Score

Your Score History

You have not taken this quiz